000 00479nam a2200181Ia 4500
005 20250508155223.0
008 008 250505s9999 xx 000 0 eng d
037 _aBooks to be hide in OPAC
040 _aFEDL
_beng
_cFEDL
041 _aeng
_2eng
084 _a523.3, HOW/O
_qFEDL
100 _aHoward William E
_9766781
245 0 _aDestination the moon
300 _a22p.
546 _aweeded out
942 _cHB
_h523.3, HOW/O
999 _c1355311
_d1355311